| 000 | 00368nam a2200133Ia 4500 | ||
|---|---|---|---|
| 008 | 230411s9999 xx 000 0 und d | ||
| 041 | _aeng | ||
| 082 | _aOG/610.07/BIS/B07337 | ||
| 100 | _aBiswas Chaitali | ||
| 245 | _aMCQs in Obstetrical Nursing Including Neonatology | ||
| 260 |
_bJaypee Brothers _aNew Delhi _c2012 |
||
| 300 | _a328p | ||
| 999 |
_c157469 _d157469 |
||